000 00330nam a22001337a 4500
999 _c531445
_d531445
003 NUST
020 _a9789699251719
_qH/B.
038 _awaseem
082 _a338.092
_bSAR
245 _aLearning from others:
_bThe Autobiography of Syed Babar Ali /
260 _aLahore :
_bTopical,
_c2015.
300 _a241 p. ;
942 _2ddc
_cBK